000 00650 a2200205 4500
003 OSt
005 20180116192353.0
008 120601t xxu||||| |||| 00| 0 eng d
010 _a 2010923043
020 _a9781851776177 (alk. paper)
040 _c0
082 _a746.0421
100 1 _aGrant, Sarah.
_93329
245 1 0 _aToiles de jouy :
_bFrench Printed Cottons (1760-1830) /
_cSarah Grant.
260 _aNew York, NY :
_bAbrams,
_c2010.
300 _a144 p. :
_bill. ;
_c31 cm.
650 1 0 _aTextile printing
_zFrance
_93330
942 _aSADA
_cBK
_k746.0421 GRA 2010
_2ddc
999 _c353017
_d353017